Normal view
MARC view
- الزغول، رفعات راجي، سليم يوسف عبابنة مشارك
Entry Personal Name
001 - CONTROL NUMBER
- control field: 58377
003 - CONTROL NUMBER IDENTIFIER
- control field: JO-AjAnu
005 - DATE AND TIME OF LATEST TRANSACTION
- control field: 20230606083543.0
008 - FIXED-LENGTH DATA ELEMENTS
- fixed length control field: 230606|| aca||aabn | a|a d
040 ## - CATALOGING SOURCE
- Original cataloging agency: JO-AjAnu
- Transcribing agency: JO-AjAnu
100 ## - HEADING--PERSONAL NAME
- Personal name: الزغول، رفعات راجي، سليم يوسف عبابنة مشارك
670 ## - SOURCE DATA FOUND
- Source citation: Work cat.: (JO-AjAnu)29780: الزغول، رفعات راجي، سليم يوسف عبابنة مشارك, author, الطب الشعبي في الأردن